Welcome to CU Library Online Public Access Catalogue (OPAC)

Ecology/ (Record no. 2158)

MARC details
000 -LEADER
fixed length control field 00447nam a22001577a 4500
005 - DATE AND TIME OF LATEST TRANSACTION
control field 20241213135307.0
008 - FIXED-LENGTH DATA ELEMENTS--GENERAL INFORMATION
fixed length control field 241213b |||||||| |||| 00| 0 eng d
020 ## - INTERNATIONAL STANDARD BOOK NUMBER
International Standard Book Number 9788120321311
050 ## - LIBRARY OF CONGRESS CALL NUMBER
Classification number QH541
Item number .S674
100 ## - MAIN ENTRY--PERSONAL NAME
Personal name Stiling, Peter
245 ## - TITLE STATEMENT
Title Ecology/
Remainder of title theories and applications
Statement of responsibility, etc. Peter Stiling
250 ## - EDITION STATEMENT
Edition statement 4th ed.
260 ## - PUBLICATION, DISTRIBUTION, ETC.
Place of publication, distribution, etc. New Delhi
Name of publisher, distributor, etc. Prentice-Hall of India
Date of publication, distribution, etc. 2006
300 ## - PHYSICAL DESCRIPTION
Extent xii.403p.
Other physical details ill.
Dimensions 27.5m
942 ## - ADDED ENTRY ELEMENTS (KOHA)
Source of classification or shelving scheme Library of Congress Classification
Koha item type Books
Edition 4th ed.
Suppress in OPAC No
999 ## -
-- 2158
-- 2158
Holdings
Withdrawn status Lost status Source of classification or shelving scheme Damaged status Not for loan Collection Home library Current library Shelving location Date acquired Total checkouts Full call number Barcode Date last seen Copy number Price effective from Koha item type
    Library of Congress Classification     Non-fiction Science Library (Miotso) Science Library (Miotso) General stacks 12/13/2024   QH541 .S674 STI SLM00001337 12/13/2024 1 12/13/2024 Books
    Library of Congress Classification     Non-fiction Science Library (Miotso) Science Library (Miotso) General stacks 12/13/2024   QH541 .S674 STI SLM00001338 12/13/2024 2 12/13/2024 Books
© 2023-2024 Copyright: Central University Libraries. All Rights Reserved | Created by: Mahone Tech Office